La culpa
Guardat en:
| Autor principal: | |
|---|---|
| Format: | Llibre |
| Idioma: | espanyol |
| Publicat: |
Santiago
Zig-Zag
1964
|
| Col·lecció: | Biblioteca de novelistas
|
| Matèries: | |
| Etiquetes: |
Afegir etiqueta
Sense etiquetes, Sigues el primer a etiquetar aquest registre!
|
MARC
| LEADER | 00000nam a2200000 a 4500 | ||
|---|---|---|---|
| 001 | UCQ2219 | ||
| 003 | CL-VaPUC | ||
| 008 | 980724e19640000CL |||||||||||||||||spa|d | ||
| 082 | 0 | 4 | |a Ch863 |b AGU |2 21 |
| 100 | 0 | |a Aguirre, Margarita |e author |9 416186 | |
| 245 | 1 | 3 | |a La culpa |
| 300 | |a 344 p | ||
| 942 | |c BK | ||
| 945 | |d 19980724 00:00:00 |a lriquelm | ||
| 260 | |a Santiago |b Zig-Zag |c 1964 | ||
| 650 | 0 | |a Novelas chilenas |9 265425 | |
| 650 | 0 | |a Literatura chilena |9 308278 | |
| 583 | |a last modification |c 19980724 00:00:00 |k Rodrigo Vera | ||
| 490 | 0 | |a Biblioteca de novelistas | |
| 999 | |c 273057 |d 273055 | ||
| 952 | |0 0 |1 0 |4 0 |6 CH_863_000000000000000_AGU_1964 |7 0 |8 A |9 308334 |a BIBEDU |b BIBEDU |c ES_NOD |d 2019-11-20 |i 1443518 |o Ch863 AGU 1964 |p 1443518 |r 2023-08-09 |w 2019-11-20 |y BK |k LIT | ||